01123cam a22003854i 4500003000900000005001700009008004100026020001500067035002700082040003300109082001900142100002800161245007700189264007300266300003800339336002100377337002500398338002300423505013200446526001000578526001000588526000900598526000900607526000900616526000900625526000900634526000900643526000900652526000800661526000800669526000800677526000800685526000800693630003600701PE-LiUPU20250731165619.0150616s r 000 0 d a0802881084 a(Sirsi) i9780802881083 aPE-LiUPUbspacPE-LiUPUerda04a281.4bS312211 aSchaff, Philip,eautor.10aNicene and Post-Nicene Fathers of The Christian Church /cPhilip Schaff. 1aGrand Rapids, Michigan :bWM. B. Eerdmans Publishing Company,c1978. a551 páginas ;c25 centímetros atext2rdacontent aunmediated2rdamedia avolume2rdacarrier0 aHomily Contents.- Introductory essay on St. Chrysostom, as an Exegete.- St. Chrysostom's homilies on the Gospel of St. Matthew. aSEG44 aSEG26 aP151 aP150 aP149 aP146 aP145 aP126 aP125 aP92 aP75 aP74 aP27 aP15 aBiblia.pN.T.pMateovSermones.